书目信息 |
| 题名: |
流域生态风险评价与洪水资源化
|
|
| 作者: | 李景宜 著 | |
| 分册: | ||
| 出版信息: | 北京 北京师范大学出版社 2008.11 |
|
| 页数: | 285页 | |
| 开本: | 23cm | |
| 丛书名: | 《风险分析与危机反应》国际丛书 | |
| 单 册: | ||
| 中图分类: | X321.241 , TV213.9 | |
| 科图分类: | ||
| 主题词: | 渭河--流域--环境生态评价 , 渭河--流域--洪水--水资源利用 | |
| 电子资源: | ||
| ISBN: | 978-7-303-09647-3 | |
| 000 | 01667oam2 2200301 450 | |
| 001 | 012009007401 | |
| 005 | 20221011160439.76 | |
| 010 | @a978-7-303-09647-3@dCNY38.00 | |
| 100 | @a20090212d2008 em y0chiy0110 ea | |
| 101 | 0 | @achi |
| 102 | @aCN@b110000 | |
| 105 | @aafk z 000yy | |
| 200 | 1 | @a流域生态风险评价与洪水资源化@9liu yu sheng tai feng xian ping jia yu hong shui zi yuan hua@e以陕西省渭河流域为例@f李景宜[等]著 |
| 210 | @a北京@c北京师范大学出版社@d2008.11 | |
| 215 | @a285页@c图,图版(2页)@d23cm | |
| 225 | 2 | @a《风险分析与危机反应》国际丛书 |
| 330 | @a本书以陕西省渭河流域为例,从全球变化与可持续发展科学的角度出发,以自然与社会相互作用的动力学机制和自然—社会系统的脆弱性与恢复力为切入点,借助风险科学的理论和方法,综合地理学、环境科学、生态学、灾害学、水利学等多个学科的理论和实践成果,利用地理信息系统的数据处理方法,对流域沿线区域进行生态风险评价,对洪涝灾害演进过程进行模拟,并且从生态风险综合管理、洪水资源化等方面探讨降低流域生态风险、提高资源利用效益的具体措施,为流域土地利用整体规划和流域综合减灾规划的制定提供有益参考。 | |
| 461 | 0 | @12001 @a《风险分析与危机反应》国际丛书@1701 0@a黄崇福@4主编 |
| 510 | 1 | @aWatershed ecological risk assessment and floodwater utilization@etaking Weihe River basin in Shaanxi provine as an example@zeng |
| 517 | 1 | @a以陕西省渭河流域为例@9yi shan xi sheng wei he liu yu wei li |
| 606 | 0 | @a渭河@x流域@x环境生态评价 |
| 606 | 0 | @a渭河@x流域@x洪水@x水资源利用 |
| 690 | @aX321.241@v4 | |
| 690 | @aTV213.9@v4 | |
| 701 | 0 | @a李景宜@9li jing yi@4著 |
| 801 | 0 | @aCN@bRENTIAN@c20090212 |
| 905 | @b20797258-63@f6@dX321.241@e150 | |
| 906 | @h20797258@h20797259@h20797260@h20797261@h20797262@h20797263 | |
| 流域生态风险评价与洪水资源化:以陕西省渭河流域为例/李景宜[等]著.-北京:北京师范大学出版社,2008.11 |
| 285页:图,图版(2页);23cm.-(《风险分析与危机反应》国际丛书) |
| ISBN 978-7-303-09647-3:CNY38.00 |
| 本书以陕西省渭河流域为例,从全球变化与可持续发展科学的角度出发,以自然与社会相互作用的动力学机制和自然—社会系统的脆弱性与恢复力为切入点,借助风险科学的理论和方法,综合地理学、环境科学、生态学、灾害学、水利学等多个学科的理论和实践成果,利用地理信息系统的数据处理方法,对流域沿线区域进行生态风险评价,对洪涝灾害演进过程进行模拟,并且从生态风险综合管理、洪水资源化等方面探讨降低流域生态风险、提高资源利用效益的具体措施,为流域土地利用整体规划和流域综合减灾规划的制定提供有益参考。 |
| ● |
| 相关链接 |
|
|
|
|
正题名:流域生态风险评价与洪水资源化
索取号:X321.241/150
 
预约/预借
| 序号 | 登录号 | 条形码 | 馆藏地/架位号 | 状态 | 备注 |
| 1 | 797258 | 207972586 | 第二样本阅览室/ [索取号:X321.241/150] | 在馆 | |
| 2 | 797259 | 207972595 | 第三借阅区/ [索取号:X321.241/150] | 在馆 | |
| 3 | 797260 | 207972602 | 第三借阅区/ [索取号:X321.241/150] | 在馆 | |
| 4 | 797261 | 207972611 | 第三借阅区/ [索取号:X321.241/150] | 在馆 | |
| 5 | 797262 | 207972620 | 第三借阅区/ [索取号:X321.241/150] | 在馆 | |
| 6 | 797263 | 207972639 | 密集书库-资源管理系/ [索取号:X321.241/150] | 在馆 |